| 000 | 005940000a22001810004500 | ||
|---|---|---|---|
| 003 | MACL | ||
| 005 | 20160514153737.0 | ||
| 008 | 160514b xxu||||| |||| 00| 0 eng d | ||
| 040 |
_aMACL _cMACL |
||
| 041 | _aHindi | ||
| 082 | _a891.433 | ||
| 100 |
_aडॉ गुप्त, धन प्रकाश _957154 |
||
| 245 |
_aजब जागे तभी सवेरा _cडॉ धन प्रकाश गुप्त |
||
| 260 |
_bआर्यन प्रकाशन _c2004 _aदिल्ली |
||
| 350 | _a120 | ||
| 650 |
_aStories _957155 |
||
| 942 |
_cHIN _k891.433/GUP/S _2ddc |
||
| 999 |
_c17656 _d17656 |
||